Významné stanovisko železničiarov a dopravárov

Bibliographic Details
Main Author: Gondaľ, Ján (Author)
Format: Article
Language:Slovak
Subjects:

MARC

LEADER 00000nab a2200000 a 4500
001 vtls000212413
003 SK-MaSNL
005 20260302203944.0
008 111130c1984 xo 0 slo
015 |a SNBRB19rr/mm-uuuuu 
035 |a CL0222527 
040 |a SNKBUCL  |b slo  |c SNKBUCL  |e AACR2 
041 0 |a slo 
044 |a xo  |c SK 
080 |a 656.2:061.3  |2 1981 
080 |a 061.3  |2 1981 
080 |a 327.37  |2 1981 
100 1 |a Gondaľ, Ján  |4 aut  |9 927831 
245 1 0 |a Významné stanovisko železničiarov a dopravárov  |c Ján Gondaľ 
650 0 7 |a železničiari  |2 snkbucl  |9 304725 
655 7 |a články z novín a časopisov  |2 snkbucl  |9 267496 
773 0 |t Odborár  |g Roč. 38, č. 24 (1984), s. 29 
850 |a Slovenská národná knižnica v Martine  |a MTA001 
852 |a SNK  |b KIS3GCP 
958 |a RK 
992 |a RBX 
999 |c 1471249  |d 1473179